00654nam a2200205Ia 4500003000900000008004100009040001600050080001700066100003400083245007300117260002900190300001300219650001800232650004100250650001900291650002600310942000700336999001300343952009200356IN-BaIIA211028s9999 xx 000 0 eng d cIIA Library a059(54)bSWA aSwamikannu Pillai, L. D.9861 3aAn Indian ephemerisbA.D. 1800 to A.D. 2000cL. D. Swamikannu Pillai aMadrasbGrant and Compay axx,432p. aAlmanacs9862 aAstronomy and Astrophysics Thesaurus aEphemeris9863 aIndian Ephemeris9864 cBK c386d386 00104070aBANbBANcGENd0000-00-00l0o059(54)/ SWAp380r2021-11-05w0000-00-00yBK